Catálogo
 En Linea

Economía empírica : (Registro nro. 47388)

Detalles MARC
000 -CABECERA
campo de control de longitud fija 00871nam a2200205 a 4500
001 - NÚMERO DE CONTROL
campo de control 000047900
005 - FECHA Y HORA DE LA ÚLTIMA TRANSACCIÓN
campo de control 20201002060811.0
008 - DATOS DE LONGITUD FIJA--INFORMACIÓN GENERAL
campo de control de longitud fija 181002s2017 000 spa d
020 ## - NÚMERO INTERNACIONAL ESTÁNDAR DEL LIBRO
Número Internacional Estándar del Libro 9789945909005
040 ## - FUENTE DE LA CATALOGACIÓN
Centro catalogador/agencia de origen DO-SdBNP
Lengua de catalogación spa
Centro/agencia transcriptor BNPHU
082 ## - NÚMERO DE LA CLASIFICACIÓN DECIMAL DEWEY
Número de clasificación xx
Número de documento/Ítem xx
245 00 - MENCIÓN DE TÍTULO
Título Economía empírica :
Resto del título 40 tesis sobre la República Dominicana /
Mención de responsabilidad, etc. editores Julio Andújar Scheker, Frank Fuentes Brito.
246 13 - FORMA VARIANTE DE TÍTULO
Título propio/Titulo breve Cuarenta tesis sobre la República Dominicana
260 ## - PUBLICACIÓN, DISTRIBUCIÓN, ETC.
Lugar de publicación, distribución, etc. Santo Domingo :
Nombre del editor, distribuidor, etc. Amigo del Hogar,
Fecha de publicación, distribución, etc. 2017.
300 ## - DESCRIPCIÓN FÍSICA
Extensión 552 p. ;
Dimensiones 26 cm.
590 ## - NOTA LOCAL (RLIN)
Nota local Inventariado, 2018/VM
505 0# - NOTA DE CONTENIDO CON FORMATO
Nota de contenido con formato Introducción --
Información miscelánea Sección 1 :
Título Macroeconomía y crecimiento --
Información miscelánea Sección 2 :
Título Sector externo y balanza de pagos --
Información miscelánea Sección 3 :
Título Educación --
Información miscelánea Sección 4 :
Título Mercado Laboral --
700 1# - PUNTO DE ACCESO ADICIONAL--NOMBRE DE PERSONA
Nombre de persona Andújar Scheker, Julio
Término indicativo de función/relación ed.
9 (RLIN) 75462
700 1# - PUNTO DE ACCESO ADICIONAL--NOMBRE DE PERSONA
Nombre de persona Fuentes Brito ,Frank
Término indicativo de función/relación ed.
9 (RLIN) 67069
Existencias
Estado de retiro Estado de pérdida Restricciones de uso No para préstamo Código de colección Localización permanente Ubicación/localización actual Ubicación en estantería Fecha de adquisición Número de inventario Total de préstamos Signatura topográfica completa Código de barras Fecha visto por última vez Número de copia Precio válido a partir de Tipo de ítem Koha
        Monografías: Libros y Folletos General General Depósito 02.10.2018 LF1   xx xx 47900-30 25.06.2020 e.3 25.06.2020 Préstamo en sala
        Monografías: Libros y Folletos General General Depósito 29.07.2019 LF1   xx xx 47900-40 25.06.2020 e.4 25.06.2020 Préstamo en sala
        Monografías: Libros y Folletos General General Depósito 29.07.2019 LF1   xx xx 47900-50 25.06.2020 e.5 25.06.2020 Préstamo en sala
      Excluido de préstamo Monografías: Libros y Folletos Patrimonio Dominicano Patrimonio Dominicano Depósito 02.10.2018 LF1   xx xx 47900-10 25.06.2020   25.06.2020 No se presta
      Excluido de préstamo Monografías: Libros y Folletos Patrimonio Dominicano Patrimonio Dominicano Depósito 02.10.2018 LF1   xx xx 47900-20 25.06.2020 e.2 25.06.2020 No se presta

Con tecnología Koha